000 00519nam a2200181Ia 4500
008 230125s9999 xx 000 0 und d
041 _aeng
082 _a153.94
_bMIT
100 _aMittal R
_9109786
245 _aGateway to IT industry-aptitude test and interview
260 _c2001
_bG K publishers pvt. ltd.
_aNoida,UP
300 _a310p
500 _aInformation technology,IT
500 _aInformation technology;IT
650 _aComputer Management
700 _aMittal R
_9109786
999 _c86471
_d86471